00517nam a2200145Ia 450000500170000000800460001703700180006304000200008104100130010108400250011424501550013926000090029430000100030354600580031320250508163337.0008 250505s9999 xx 000 0 eng d aDissertations aFEDLbengcFEDL aeng2eng a370.15, STA/DIqFEDL 0aStandardisation of a scale to evaluate the development of affective behaviour among hindi medium school boys of Delhi at delta level (class 8th, 14th) c1972 a182p. aM. Ed. Dissertation (Jamia Millia Islamia University)